<?xml version="1.0" encoding="UTF-8"?><?xml-stylesheet type="text/xsl" href="static/style.xsl"?><OAI-PMH xmlns="http://www.openarchives.org/OAI/2.0/" xmlns:xsi="http://www.w3.org/2001/XMLSchema-instance" xsi:schemaLocation="http://www.openarchives.org/OAI/2.0/ http://www.openarchives.org/OAI/2.0/OAI-PMH.xsd"><responseDate>2026-06-01T16:12:46Z</responseDate><request verb="GetRecord" identifier="oai:riuma.uma.es:10630/45788" metadataPrefix="marc">https://riuma.uma.es/rest/oai/request</request><GetRecord><record><header><identifier>oai:riuma.uma.es:10630/45788</identifier><datestamp>2026-02-28T00:45:51Z</datestamp><setSpec>com_10630_2254</setSpec><setSpec>col_10630_37956</setSpec></header><metadata><record xmlns="http://www.loc.gov/MARC21/slim" xmlns:dcterms="http://purl.org/dc/terms/" xmlns:doc="http://www.lyncode.com/xoai" xmlns:xsi="http://www.w3.org/2001/XMLSchema-instance" xsi:schemaLocation="http://www.loc.gov/MARC21/slim http://www.loc.gov/standards/marcxml/schema/MARC21slim.xsd">
   <leader>00925njm 22002777a 4500</leader>
   <datafield ind2=" " ind1=" " tag="042">
      <subfield code="a">dc</subfield>
   </datafield>
   <datafield ind2=" " ind1=" " tag="720">
      <subfield code="a">Mayorga-Toledano, María Cruz</subfield>
      <subfield code="e">author</subfield>
   </datafield>
   <datafield ind2=" " ind1=" " tag="260">
      <subfield code="c">2026</subfield>
   </datafield>
   <datafield ind2=" " ind1=" " tag="520">
      <subfield code="a">RESUMEN: En materia de viviendas de uso turístico (VUT), conviven normativas a todos los niveles competenciales y territoriales que no se encuentran necesariamente armonizadas ni alineadas en los mismos principios. Desde la óptica del Derecho de la competencia tanto la Directiva de Servicios (D. 2006/123/CE) como la STJUE 22/9/2020, diseñan hasta ahora los márgenes dentro de los cuales se debe mantener la producción normativa aplicable a las VUT.
Precisamente, la citada sentencia ha servido de fundamento del Reglamento (UE) 2024/1028 y en España del RD 1312/2024, bajo la premisa tratar de solucionar el problema de la escasez de viviendas y procurar el acceso de los ciudadanos a una vivienda digna y asequible.
A este respecto, cabe igualmente destacar, como objeto principal de este trabajo, las modificaciones operadas en la Ley de propiedad horizontal, concretamente en los artículos 7.3 y 17.12 a raíz de las SSTS de 3 de octubre de 2024 (1232 y 1233). La citada modificación legal faculta a la comunidad de propietarios no solo a limitar, condicionar o prohibir el ejercicio de tal actividad, sino que para iniciar la actividad el propietario debe contar con el acuerdo expreso de la comunidad. En este sentido, es preciso valorar si tal barrera o limitación a dicho negocio
turístico se encuentra o no en colisión con lo preceptuado en la Directiva de Servicios.</subfield>
   </datafield>
   <datafield ind1="8" ind2=" " tag="024">
      <subfield code="a">Mayorga Toledano, María Cruz "Las VUTS y su prohibición por las comunidades de propietarios. Una valoración desde el Derecho de la competencia", en  Tato Plaza, Costas Comesaña,  Fernández Carballo-Calero,  José Torres Pérez,  Louredo Casado (Dirs.) Nuevas tendencias en el Derecho de la competencia y de la Propiedad Industrial e Intelectual V, Atelier 2026, págs . 173-195.</subfield>
   </datafield>
   <datafield ind1="8" ind2=" " tag="024">
      <subfield code="a">979-13-88096-64-8</subfield>
   </datafield>
   <datafield ind1="8" ind2=" " tag="024">
      <subfield code="a">https://hdl.handle.net/10630/45788</subfield>
   </datafield>
   <datafield ind1="8" ind2=" " tag="024">
      <subfield code="a">10.71237/L4V5Ni6n</subfield>
   </datafield>
   <datafield tag="653" ind2=" " ind1=" ">
      <subfield code="a">Vivienda - Aspectos sociales</subfield>
   </datafield>
   <datafield tag="653" ind2=" " ind1=" ">
      <subfield code="a">Derecho de la competencia</subfield>
   </datafield>
   <datafield tag="653" ind2=" " ind1=" ">
      <subfield code="a">Alojamientos turísticos</subfield>
   </datafield>
   <datafield ind2="0" ind1="0" tag="245">
      <subfield code="a">Las VUTS y su prohibición por las comunidades de propietarios. Una valoración desde el Derecho de la competencia.</subfield>
   </datafield>
</record>
</metadata></record></GetRecord></OAI-PMH>